<?xml version="1.0" encoding="UTF-8"?>
<record
    xmlns:xsi="http://www.w3.org/2001/XMLSchema-instance"
    xsi:schemaLocation="http://www.loc.gov/MARC21/slim http://www.loc.gov/standards/marcxml/schema/MARC21slim.xsd"
    xmlns="http://www.loc.gov/MARC21/slim">

  <leader>00716nam a2200181Ia 4500</leader>
  <controlfield tag="008">100920s9999    xx            000 0 und d</controlfield>
  <datafield tag="082" ind1=" " ind2=" ">
    <subfield code="b">88189</subfield>
    <subfield code="a">51 0</subfield>
  </datafield>
  <datafield tag="100" ind1=" " ind2=" ">
    <subfield code="a">&#x915;&#x947;&#x933;&#x915;&#x930; &#x928;&#x930;&#x938;&#x93F;&#x902;&#x939; &#x91A;&#x93F;&#x902;&#x924;&#x93E;&#x92E;&#x923;.</subfield>
  </datafield>
  <datafield tag="245" ind1=" " ind2=" ">
    <subfield code="a">&#x917;&#x924;&#x917;&#x94B;&#x937;&#x94D;&#x91F;&#x940; &#x905;&#x930;&#x94D;&#x925;&#x93E;&#x924;&#x94D;&#x930; &#x92E;&#x93E;&#x91D;&#x940; &#x91C;&#x940;&#x935;&#x928;-&#x92F;&#x93E;&#x924;&#x94D;&#x930;&#x93E;.</subfield>
  </datafield>
  <datafield tag="260" ind1=" " ind2=" ">
    <subfield code="b">---</subfield>
    <subfield code="c">0</subfield>
  </datafield>
  <datafield tag="300" ind1=" " ind2=" ">
    <subfield code="a">992</subfield>
    <subfield code="b">&#x938;&#x93E;&#x927;&#x940;</subfield>
  </datafield>
  <datafield tag="365" ind1=" " ind2=" ">
    <subfield code="b">0</subfield>
  </datafield>
  <datafield tag="520" ind1=" " ind2=" ">
    <subfield code="a">&#x91A;&#x930;&#x93F;&#x924;&#x94D;&#x930;.</subfield>
  </datafield>
  <datafield tag="630" ind1=" " ind2=" ">
    <subfield code="a">&#x917;&#x924;&#x917;&#x94B;&#x937;&#x94D;&#x91F;&#x940; &#x905;&#x930;&#x94D;&#x925;&#x93E;&#x924;&#x94D;&#x930; &#x92E;&#x93E;&#x91D;&#x940; &#x91C;&#x940;&#x935;&#x928;-&#x92F;&#x93E;&#x924;&#x94D;&#x930;&#x93E;.</subfield>
  </datafield>
  <datafield tag="650" ind1=" " ind2=" ">
    <subfield code="a">&#x91A;&#x930;&#x93F;&#x924;&#x94D;&#x930;.</subfield>
  </datafield>
  <datafield tag="730" ind1=" " ind2=" ">
    <subfield code="a">&#x917;&#x924;&#x917;&#x94B;&#x937;&#x94D;&#x91F;&#x940; &#x905;&#x930;&#x94D;&#x925;&#x93E;&#x924;&#x94D;&#x930; &#x92E;&#x93E;&#x91D;&#x940; &#x91C;&#x940;&#x935;&#x928;-&#x92F;&#x93E;&#x924;&#x94D;&#x930;&#x93E;.</subfield>
  </datafield>
  <datafield tag="942" ind1=" " ind2=" ">
    <subfield code="c">BOOK</subfield>
  </datafield>
  <datafield tag="999" ind1=" " ind2=" ">
    <subfield code="c">728695</subfield>
    <subfield code="d">728692</subfield>
  </datafield>
  <datafield tag="952" ind1=" " ind2=" ">
    <subfield code="0">0</subfield>
    <subfield code="1">0</subfield>
    <subfield code="4">0</subfield>
    <subfield code="7">0</subfield>
    <subfield code="a">SATVAC</subfield>
    <subfield code="b">SATVAC</subfield>
    <subfield code="c">51 0</subfield>
    <subfield code="d">0000-00-00</subfield>
    <subfield code="g">0.00</subfield>
    <subfield code="l">0</subfield>
    <subfield code="p">SATVAC-88189</subfield>
    <subfield code="r">2010-09-20 00:00:00</subfield>
    <subfield code="w">2010-09-20</subfield>
    <subfield code="y">BOOK</subfield>
    <subfield code="z">&#x926;&#x947;&#x935;&#x918;&#x947;&#x935;</subfield>
  </datafield>
</record>
